Derechos reales bienes, dominio, posesin̤, servidumbres, usufructo, uso y habitacin̤

Bibliographic Details
Main Author: Vz̀quez Iruzubieta, Carlos
Format: Unknown
Language:Spanish
Published: Barcelona : Vlex, 2008
Online Access:Acceso restringido

MARC

LEADER 00000ny a22000003n 4500
005 20110623172338.0
008 081219s sp s 00 0 spa d
035 |a 2297 
040 |a BUAL  |d vlex 
040 |a UMA.RE  |d vlex 
080 |a 347.2(460)(0.034) 
090 |c 1086  |d 1086 
100 1 |a Vz̀quez Iruzubieta, Carlos 
245 1 0 |a Derechos reales  |h [Recurso electrn̤ico]  |b bienes, dominio, posesin̤, servidumbres, usufructo, uso y habitacin̤ 
256 |a Servicio en ln̕ea 
260 |a Barcelona :  |b Vlex,  |c 2008 
506 1 |a Contenido solo disponible en los productos indicados  |d vLex Global  |d vLex Global (Academic Edition, excluding Law Schools)  |d vLex Global (U.S. Academic Edition, Law Schools)  |d vLex Global (U.S. Academic Edition, excluding Law Schools)  |d vLex Global (Academic Edition, Law Schools) 
740 0 |a vLex Libros (Servicios en ln̕ea) 
856 4 0 |z Acceso restringido  |u http://vlex.com/source/2297 
942 |c BOOK 
999 0 4 |a Derechos reales  |v En ln̕ea 
999 0 4 |a Propiedad  |v En ln̕ea